Bez strategie to nejde

Aj malý podnik si musí vypracovať analýzu trhu, ak sa chce dlhodobo úspešne rozvíjať. Marketingový výskum a jeho výsledky. Swot analýza - silné a slabé stránky podniku, príležitosti a hrozby. Strategické riadenie. Skúsenosti z Česka.

Guardado en:
Detalles Bibliográficos
Autor principal: Záthurecký, Viliam
Formato: Capítulo de libro
Lenguaje:checo
Materias:
Etiquetas: Agregar Etiqueta
Sin Etiquetas, Sea el primero en etiquetar este registro!

MARC

LEADER 00000naa a2200000 4500
001 r048473
005 20231004071141.3
041 0 |a cze 
044 |a CZ 
245 1 0 |a Bez strategie to nejde  |c Viliam Záthurecký 
520 |a Aj malý podnik si musí vypracovať analýzu trhu, ak sa chce dlhodobo úspešne rozvíjať. Marketingový výskum a jeho výsledky. Swot analýza - silné a slabé stránky podniku, príležitosti a hrozby. Strategické riadenie. Skúsenosti z Česka. 
610 2 0 |a manažment strategický 
610 2 0 |a riadenie podnikové 
610 2 0 |a analýza trhu 
610 2 0 |a analýza swot 
610 2 0 |a podnik malý 
610 2 0 |a Česko 
100 1 |a Záthurecký, Viliam